Manažérske zručnosti

Význam pojmu vedenie vo všeobecnosti, v osobnom živote a v manažmente. Efektívne vedenie pracovných skupín.

Salvato in:
Dettagli Bibliografici
Autore principale: Lipták, František
Natura: Capitolo di libro
Lingua:slovacco
Soggetti:
Tags: Aggiungi Tag
Nessun Tag, puoi essere il primo ad aggiungerne!!

MARC

LEADER 00000naa$a2200000$$$4500
001 0023361
005 20231109090415.6
041 0 |a slo 
044 |a SK 
245 1 0 |a Manažérske zručnosti  |c František Lipták 
520 |a Význam pojmu vedenie vo všeobecnosti, v osobnom živote a v manažmente. Efektívne vedenie pracovných skupín. 
610 2 0 |a vedenie 
610 2 0 |a skupiny pracovné 
610 2 0 |a riadenie ľudských zdrojov 
610 2 0 |a manažéri 
610 2 0 |a komunikácia manažérska 
100 1 |a Lipták, František